Statistics for Vancouver Whitecaps Best Scorer By Year

Click here to take the quiz!

General Stats

  • This quiz has been taken 18 times
    (15 since last reset)
  • The average score is 5 of 8

Answer Stats

Player% Correct
Brian White
83%
Lucas Cavallini
83%
Pedro Morales
58%
Camilo Sanvezzo
50%
Fredy Montero
50%
Darren Mattocks
42%
Kei Kamara
42%
Octavio Rivero
42%

Score Distribution

Percentile by Number Answered

Percent of People with Each Score

Your Score History

You have not taken this quiz since the last reset